=LDR 00000nam 2200000 4500 =001 INLIS000000000015423 =005 20130612110713 =008 ***********************************Indo** =035 ##$$0010-061300000015423 =041 ##$$a Indo =082 ##$$a 028.5 =090 ##$$a 028.5, Les =100 ##$$a Lestari Astry =245 ##$$a Tubuh Cacat Jiwa Utuh, Astry Lestary =260 ##$$a 1986 $b Bandung =300 ##$$a 91 hlm, ilus, 20 cm =650 ##$$a Bacaan Kanak-Kanak =850 ##$$a NBPNMAT